| 000 | 01509nam a2200349 a 4500 | ||
|---|---|---|---|
| 999 |
_c146260 _d146260 |
||
| 003 | BLK | ||
| 005 | 20231219005400.0 | ||
| 008 | 180410b bul|||||r ||||||| ||bul|| | ||
| 010 | _aKNG00152446000 | ||
| 040 | _aBLK | ||
| 041 |
_aBUL _cBUL |
||
| 080 |
_aПолска литература _b821.162.1 _x-93-32 _z821.162.1-93-32 |
||
| 100 | 1 |
_aКорчак, Януш _eпърви автор _gГолдшмит, Хенри _982632 |
|
| 139 |
_aКорчак, Януш _bК 85 |
||
| 245 | 1 | 0 |
_aКрал Матиуш Първи _bФантаст. повест за деца _cЯнуш Корчак; прев. от пол. Стефан Илчев; худож. Любен Христов Зидаров. |
| 250 | _a2. изд. | ||
| 257 | _aPOL | ||
| 260 |
_aСофия _bОтечество _c1978 |
||
| 300 |
_a272 с. _bс ил. _c24 см |
||
| 380 | _aDX | ||
| 500 | _aОриг. загл. Krol Maclus Pierwszy. - 1. изд. 1966 с ил. Йержи Сроковски. - 75 115 тир. | ||
| 700 | 1 |
_aИлчев, Стефан _eпрев. от пол. _9367290 |
|
| 700 |
_aЗидаров, Любен Христов _eхудож. _9365107 |
||
| 852 | _aЦб 262827 | ||
| 856 | 4 |
_qpdf _i2.14 _ldisable |
|
| 856 | 4 |
_qpdf _i2.14 _ldisable |
|
| 942 |
_cKNG _n0 _02 _s1 |
||
| 944 |
_aCR _c23.10.2013 _lCRON CRON _k |
||
| 944 |
_aED _c19.06.2015 _l23.10.2013 - от С1,Р / 23.10.2013 _kТеодора_Стоянова |
||
| 999 | _d146260 | ||
| 999 | _d146260 | ||